Youth ministry encyclopedia / (Record no. 3466)

MARC details
000 -LEADER
fixed length control field 01424nam a2200253Ia 4500
001 - CONTROL NUMBER
control field 11855281
003 - CONTROL NUMBER IDENTIFIER
control field AUA.1
005 - DATE AND TIME OF LATEST TRANSACTION
control field 20111107114358.0
008 - FIXED-LENGTH DATA ELEMENTS--GENERAL INFORMATION
fixed length control field 850327s1985 coua f 000 0 eng d
040 ## - CATALOGING SOURCE
Original cataloging agency IDI
Transcribing agency IDI
Modifying agency EXN
049 ## - LOCAL HOLDINGS (OCLC)
Holding library EXNW [446615]
Copy statement 1 [446615]
090 ## - LOCALLY ASSIGNED LC-TYPE CALL NUMBER (OCLC); LOCAL CALL NUMBER (OCLC)
Classification number (OCLC) (R) ; Classification number, CALL (RLIN) (NR) BV 4447
Local cutter number (OCLC) ; Book number/undivided call number, CALL (RLIN) .C64 1985
100 1# - MAIN ENTRY--PERSONAL NAME
Personal name Coleman, Lyman.
9 (RLIN) 12428
245 10 - TITLE STATEMENT
Title Youth ministry encyclopedia /
Statement of responsibility, etc by Lyman Coleman.
260 ## - PUBLICATION, DISTRIBUTION, ETC. (IMPRINT)
Place of publication, distribution, etc Littleton, Colo. :
Name of publisher, distributor, etc Serendipity House,
Date of publication, distribution, etc 1985.
300 ## - PHYSICAL DESCRIPTION
Extent 237 p. :
Other physical details ill. ;
Dimensions 22 cm.
650 #0 - SUBJECT ADDED ENTRY--TOPICAL TERM
Topical term or geographic name as entry element Church work with youth
General subdivision Handbooks, manuals, etc.
9 (RLIN) 12429
650 #0 - SUBJECT ADDED ENTRY--TOPICAL TERM
Topical term or geographic name as entry element Youth
General subdivision Religious life
-- Handbooks, manuals, etc.
9 (RLIN) 12430
942 ## - ADDED ENTRY ELEMENTS (KOHA)
Source of classification or shelving scheme Library of Congress Classification
Koha item type Books
Classification part BV 4447
Item part .C64 1985
Holdings
Withdrawn status Lost status Source of classification or shelving scheme Damaged status Not for loan Collection code Home library Current library Shelving location Date acquired Source of acquisition Cost, normal purchase price Serial Enumeration / chronology Total Checkouts Total Renewals Full call number Barcode Date last seen Date checked out Copy number Cost, replacement price Price effective from Koha item type
    Library of Congress Classification     Books Judith Thomas Library Judith Thomas Library General Stacks 07/11/2011 Bought by JTL 17.99 AUA003958 2 2 BV 4447 .C64 1985 AUA003958 14/06/2021 01/12/2020 1 17.99 07/11/2011 Books
    Library of Congress Classification     Books Judith Thomas Library Judith Thomas Library General Stacks 07/11/2011 Bought by JTL 17.99 AUA003959     BV 4447 .C64 1985 AUA003959 07/11/2011   2 17.99 07/11/2011 Books
    Library of Congress Classification     Books Judith Thomas Library Judith Thomas Library General Stacks 07/11/2011 Bought by JTL 17.99 AUA003960     BV 4447 .C64 1985 AUA003960 07/11/2011   3 17.99 07/11/2011 Books
    Library of Congress Classification     Books Judith Thomas Library Judith Thomas Library General Stacks 07/11/2011 Bought by JTL 17.99 AUA003961     BV 4447 .C64 1985 AUA003961 07/11/2011   4 17.99 07/11/2011 Books